[Event "25th Abu Dhabi Master 2018"]
[Site "Abu Dhabi"]
[Date "2018.08.11"]
[Round "4"]
[White "Kravtsiv, Martyn"]
[Black "Wang, Hao"]
[Result "1/2-1/2"]
[WhiteElo "2654"]
[BlackElo "2711"]
[Annotator "TA"]
[PlyCount "40"]
[EventDate "2018.08.05"]
[EventType "swiss"]
[EventCountry "UAE"]
[SourceTitle "playchess.com"]
[Source "ChessBase"]
[SourceQuality "1"]

1. e4 e5 2. Nf3 Nc6 3. Nc3 Nf6 4. Bb5 Nd4 5. Bc4 Bc5 6. Nxe5 Qe7 7. Nf3 d5 8. Bxd5 Bg4 9. d3 O-O-O 10. Be3 Nxd5 11. Nxd5 Rxd5 12. exd5 Re8 13. O-O Bxf3 14. gxf3 Qh4 15. f4 Bd6 16. Bxd4 Bxf4 17. Kg2 Qxh2+ 18. Kf3 Qh3+ 19. Kxf4 Qh2+ 20. Kf3 Qh3+ 1/2-1/2

[Event "25th Abu Dhabi Master 2018"]
[Site "Abu Dhabi"]
[Date "2018.08.11"]
[Round "4"]
[White "Maghsoodloo, Parham"]
[Black "Aryan Chopra"]
[Result "1-0"]
[WhiteElo "2636"]
[BlackElo "2536"]
[Annotator "TA"]
[PlyCount "91"]
[EventDate "2018.08.05"]
[EventType "swiss"]
[EventCountry "UAE"]
[SourceTitle "playchess.com"]
[Source "ChessBase"]
[SourceQuality "1"]

1. c4 Nf6 2. g3 g6 3. Bg2 Bg7 4. Nc3 O-O 5. e4 c5 6. Nge2 Nc6 7. O-O Rb8 8. h3 d6 9. d3 a6 10. a4 Ne8 11. Be3 Nd4 12. Rb1 Bd7 13. b4 b6 14. f4 Nc7 15. b5 axb5 16. axb5 f5 17. Qd2 Kh8 18. Kh2 e5 19. Rf2 Be6 20. fxe5 dxe5 21. Rbf1 Qd6 22. h4 Rbd8 23. Bxd4 exd4 24. Nb1 Bc8 25. Qe1 fxe4 26. Rxf8+ Rxf8 27. Rxf8+ Qxf8 28. Bxe4 Bh6 29. Kg2 Ne8 30. Nd2 Nd6 31. Bd5 Bg4 32. Ng1 Nf5 33. Nf1 Ne3+ 34. Nxe3 Bxe3 35. Be4 Kg7 36. Nf3 Qe7 37. Qa1 Bc8 38. Qa8 Qd7 39. Ng1 Qg4 40. Qa7+ Kh6 41. Qf7 Qd7 42. Qf6 Bxg1 43. Kxg1 Qh3 44. Qf8+ Kh5 45. Bf3+ Bg4 46. Qf4 1-0

[Event "25th Abu Dhabi Master 2018"]
[Site "Abu Dhabi"]
[Date "2018.08.11"]
[Round "4"]
[White "Adly, Ahmed"]
[Black "Vishnu Prasanna. V"]
[Result "1-0"]
[WhiteElo "2634"]
[BlackElo "2517"]
[Annotator "TA"]
[PlyCount "81"]
[EventDate "2018.08.05"]
[EventType "swiss"]
[EventCountry "UAE"]
[SourceTitle "playchess.com"]
[Source "ChessBase"]
[SourceQuality "1"]

1. d4 d5 2. c4 e6 3. Nf3 Nf6 4. Nc3 Be7 5. Bf4 O-O 6. e3 b6 7. Qc2 Bb7 8. O-O-O Na6 9. a3 c5 10. cxd5 Nxd5 11. dxc5 Nxc5 12. e4 Nxf4 13. Rxd8 Rfxd8 14. Bc4 Rac8 15. Rd1 b5 16. Bxb5 Nxe4 17. Rxd8+ Bxd8 18. Qa4 Bb6 19. Ne5 Nxc3 20. bxc3 Nd5 21. Be8 Nxc3 22. Qd7 Na4+ 23. Nc6 Rxc6+ 24. Kb1 h5 25. Qxf7+ Kh7 26. Qxh5+ Kg8 27. Qf7+ Kh7 28. Qxb7 Nc3+ 29. Ka1 Rd6 30. Kb2 Nd1+ 31. Kb3 Nxf2 32. Qf7 Bd4 33. Qg6+ Kg8 34. Bf7+ Kf8 35. Bxe6 Ke7 36. Qf7+ Kd8 37. Qf8+ Kc7 38. Qe7+ Kc6 39. Kc4 Nd1 40. Qe8+ Kc7 41. Qc8+ 1-0

[Event "25th Abu Dhabi Master 2018"]
[Site "Abu Dhabi"]
[Date "2018.08.11"]
[Round "4"]
[White "Vocaturo, Daniele"]
[Black "Dubov, Daniil"]
[Result "0-1"]
[WhiteElo "2617"]
[BlackElo "2691"]
[Annotator "TA"]
[PlyCount "76"]
[EventDate "2018.08.05"]
[EventType "swiss"]
[EventCountry "UAE"]
[SourceTitle "playchess.com"]
[Source "ChessBase"]
[SourceQuality "1"]

1. e4 c5 2. Nf3 Nc6 3. d4 cxd4 4. Nxd4 Nf6 5. Nc3 e5 6. Ndb5 d6 7. Bg5 a6 8. Na3 b5 9. Nd5 Be7 10. Nxe7 Qxe7 11. c4 O-O 12. cxb5 Nd4 13. Bd3 Ne6 14. Bxf6 Qxf6 15. O-O Nf4 16. f3 axb5 17. Nxb5 Qg6 18. Qd2 d5 19. Rfd1 Bh3 20. Bf1 dxe4 21. fxe4 Bxg2 22. Bxg2 Qb6+ 23. Kh1 Qxb5 24. b3 h5 25. Bf1 Qb6 26. Bc4 Rfd8 27. Bd5 Kh8 28. Rg1 Ra5 29. Qc3 f6 30. b4 Ra7 31. Qc5 Qb8 32. Bc6 Rd2 33. a4 Nd3 34. Qe3 Nf2+ 35. Kg2 Qxb4 36. Rab1 Ng4+ 37. Kf3 Qd6 38. Rxg4 Rd3 0-1

[Event "25th Abu Dhabi Master 2018"]
[Site "Abu Dhabi"]
[Date "2018.08.11"]
[Round "4"]
[White "Petrosian, Tigran L"]
[Black "Halvax, Georg"]
[Result "1-0"]
[WhiteElo "2610"]
[BlackElo "2437"]
[Annotator "TA"]
[PlyCount "49"]
[EventDate "2018.08.05"]
[EventType "swiss"]
[EventCountry "UAE"]
[SourceTitle "playchess.com"]
[Source "ChessBase"]
[SourceQuality "1"]

1. e4 d6 2. d4 Nf6 3. Nc3 g6 4. f4 Bg7 5. Nf3 c5 6. Bb5+ Bd7 7. e5 Ng4 8. e6 fxe6 9. Ng5 Bxb5 10. Nxe6 Bxd4 11. Nxb5 Qa5+ 12. c3 Bf2+ 13. Kd2 Be3+ 14. Kc2 Qa4+ 15. b3 Qe4+ 16. Kb2 Bxc1+ 17. Rxc1 Ne3 18. Nxd6+ exd6 19. Qxd6 Na6 20. Rhd1 Nxd1+ 21. Rxd1 Qc6 22. Qe5 Kf7 23. Qg7+ Kxe6 24. Re1+ Kf5 25. Qe5+ 1-0

[Event "25th Abu Dhabi Master 2018"]
[Site "Abu Dhabi"]
[Date "2018.08.11"]
[Round "4"]
[White "Andersen, Mads"]
[Black "Sundararajan, Kidambi"]
[Result "1-0"]
[WhiteElo "2601"]
[BlackElo "2433"]
[Annotator "TA"]
[PlyCount "123"]
[EventDate "2018.08.05"]
[EventType "swiss"]
[EventCountry "UAE"]
[SourceTitle "playchess.com"]
[Source "ChessBase"]
[SourceQuality "1"]

1. d4 d5 2. c4 e6 3. Nf3 c6 4. Qc2 Nf6 5. Bg5 Be7 6. e3 h6 7. Bxf6 Bxf6 8. Nc3 O-O 9. O-O-O Na6 10. g4 c5 11. h4 cxd4 12. Nxd4 Nb4 13. Qb3 a5 14. a3 Bxh4 15. axb4 Bxf2 16. Nc2 axb4 17. Qxb4 Qg5 18. cxd5 exd5 19. Rxd5 Bxe3+ 20. Kb1 Qf4 21. Qxf8+ Kxf8 22. Rd8+ Ke7 23. Rxc8 Ra5 24. Bb5 Rxb5 25. Nxb5 Qxg4 26. Rc7+ Kf8 27. Rxb7 Bf4 28. Re1 g5 29. Nbd4 Qg2 30. Ree7 Qh1+ 31. Ka2 Qd5+ 32. b3 Be5 33. Nf5 Qa5+ 34. Kb1 Qd5 35. Ka2 Qa5+ 36. Kb1 Qd5 37. Rxf7+ Qxf7 38. Rxf7+ Kxf7 39. Nxh6+ Kg6 40. Ng4 Bd6 41. Nce3 Kh5 42. Kc2 Bc5 43. Kd3 Kh4 44. Nf6 Ba3 45. Ke4 Kg3 46. Nh7 Kf2 47. Nxg5 Ke2 48. Nf3 Bc5 49. Nc4 Kd1 50. Nd4 Kc1 51. Kd3 Kb1 52. Kc3 Ka2 53. Nc2 Bf8 54. Nb4+ Ka1 55. Ne3 Kb1 56. Nd3 Ka2 57. Kc4 Ka3 58. Nc2+ Ka2 59. Nd4 Ba3 60. Nb4+ Kb1 61. Nb5 Bb2 62. Nc3+ 1-0

[Event "25th Abu Dhabi Master 2018"]
[Site "Abu Dhabi"]
[Date "2018.08.11"]
[Round "4"]
[White "Tabatabaei, M. amin"]
[Black "Aliyev, Ravan"]
[Result "1-0"]
[WhiteElo "2590"]
[BlackElo "2346"]
[Annotator "ChessBase"]
[PlyCount "125"]
[EventDate "2018.08.05"]
[EventType "swiss"]
[EventCountry "UAE"]
[SourceTitle "playchess.com"]
[Source "ChessBase"]
[SourceQuality "1"]

1. e4 e6 2. d4 d5 3. Nc3 Nf6 4. e5 Nfd7 5. f4 c5 6. Nf3 Nc6 7. Be3 cxd4 8. Nxd4 Bc5 9. Qd2 O-O 10. O-O-O a6 11. Nb3 Bxe3 12. Qxe3 b5 13. Kb1 b4 14. Na4 a5 15. c4 bxc3 16. Qxc3 Bb7 17. Bb5 Rc8 18. Qe3 Qe7 19. a3 Rb8 20. Nd4 Nxd4 21. Qxd4 Bc8 22. Nc3 Qc5 23. a4 Qxd4 24. Rxd4 Nc5 25. Ka2 Bd7 26. Ka3 Rfc8 27. Rc1 Bxb5 28. Nxb5 Na6 29. Rdd1 Nb4 30. Nd4 Kf8 31. g3 Ke8 32. Rc3 Kd7 33. Rd2 Rxc3+ 34. bxc3 Nc6 35. Nb5 Ke7 36. c4 Nb4 37. cxd5 Nxd5 38. Rc2 Kd7 39. Rc5 f6 40. exf6 gxf6 41. f5 h5 42. fxe6+ Kxe6 43. Nd4+ Kd6 44. Rxa5 Rb1 45. Ra6+ Ke5 46. Nf3+ Kf5 47. a5 Rf1 48. Nd4+ Ke4 49. Nb3 Kd3 50. Rd6 Rf5 51. a6 Ke3 52. Rc6 Rg5 53. Ka4 Rg4+ 54. Ka5 Rg7 55. Nc5 h4 56. gxh4 f5 57. h5 f4 58. h6 Rh7 59. Rd6 Kd4 60. Nd7 Rh8 61. a7 Ke4 62. Rxd5 Kxd5 63. Nb8 1-0

[Event "25th Abu Dhabi Master 2018"]
[Site "Abu Dhabi"]
[Date "2018.08.11"]
[Round "4"]
[White "Jojua, Davit"]
[Black "Sargissian, Gabriel"]
[Result "1/2-1/2"]
[WhiteElo "2583"]
[BlackElo "2680"]
[Annotator "TA"]
[PlyCount "113"]
[EventDate "2018.08.05"]
[EventType "swiss"]
[EventCountry "UAE"]
[SourceTitle "playchess.com"]
[Source "ChessBase"]
[SourceQuality "1"]

1. d4 Nf6 2. Nf3 e6 3. Bf4 c5 4. e3 cxd4 5. exd4 b6 6. h3 Be7 7. Nbd2 O-O 8. c3 Ba6 9. Bxa6 Nxa6 10. O-O Nc7 11. c4 d5 12. b3 Na6 13. a3 Rc8 14. Qe2 Nb8 15. b4 dxc4 16. Nxc4 Nc6 17. Rfd1 Nd5 18. Bd2 Bf6 19. Nce5 Qd6 20. Be1 Rfd8 21. b5 Nce7 22. Qb2 Qc7 23. Rac1 Qb7 24. Bd2 Rxc1 25. Rxc1 Rc8 26. a4 Rxc1+ 27. Qxc1 a6 28. Qc4 axb5 29. Qxb5 Qc8 30. Nc4 Qd8 31. a5 bxa5 32. Bxa5 Qa8 33. Nb6 Nxb6 34. Bxb6 Nd5 35. Bc5 h6 36. Bd6 Qd8 37. Qb8 Qxb8 38. Bxb8 g5 39. Kf1 Kh7 40. Ke2 h5 41. Bd6 Kg6 42. Kd3 Kf5 43. Nd2 h4 44. Nc4 Kg6 45. Ne3 Bg7 46. Nxd5 exd5 47. g4 hxg3 48. fxg3 g4 49. h4 Bh6 50. Be5 Kf5 51. Bb8 Bf8 52. Bf4 Kg6 53. Ke2 Ba3 54. Kd3 Be7 55. Ke3 Kf5 56. Bc7 Ba3 57. Bb8 1/2-1/2

[Event "25th Abu Dhabi Master 2018"]
[Site "Abu Dhabi"]
[Date "2018.08.11"]
[Round "4"]
[White "Narayanan.S.L"]
[Black "Mammadzada, Gunay"]
[Result "1-0"]
[WhiteElo "2574"]
[BlackElo "2426"]
[Annotator "TA"]
[PlyCount "89"]
[EventDate "2018.08.05"]
[EventType "swiss"]
[EventCountry "UAE"]
[SourceTitle "playchess.com"]
[Source "ChessBase"]
[SourceQuality "1"]

1. e4 c5 2. Nc3 Nc6 3. Nge2 e5 4. Nd5 d6 5. Nec3 a6 6. a4 g6 7. Bc4 Bg7 8. d3 Be6 9. O-O h6 10. f4 exf4 11. Bxf4 Nf6 12. Bxd6 Qxd6 13. Nxf6+ Bxf6 14. Rxf6 Qd4+ 15. Rf2 Ne5 16. Ne2 Qd6 17. Bxe6 fxe6 18. Qd2 O-O-O 19. Qf4 g5 20. Qg3 h5 21. Qxg5 Ng4 22. Rf4 Rdg8 23. Qh4 Ne3 24. Rf2 Nxc2 25. Rc1 Qxd3 26. Qe7 Kb8 27. Qxc5 Rc8 28. Qe5+ Ka7 29. Nc3 Ne3 30. h3 Rhg8 31. Re1 h4 32. Qf4 Nc4 33. Qxh4 Nxb2 34. Rxb2 Qxc3 35. Qf2+ Ka8 36. Reb1 Rg7 37. Rb3 Qc4 38. Rb4 Qc3 39. Kh1 Rh8 40. R4b3 Qc6 41. Qd4 Rhg8 42. Rc3 Qe8 43. Rbc1 Kb8 44. Qe5+ Ka7 45. Rc8 1-0

[Event "25th Abu Dhabi Master 2018"]
[Site "Abu Dhabi"]
[Date "2018.08.11"]
[Round "4"]
[White "Yuffa, Daniil"]
[Black "Padmini, Rout"]
[Result "1-0"]
[WhiteElo "2570"]
[BlackElo "2338"]
[Annotator "TA"]
[PlyCount "87"]
[EventDate "2018.08.05"]
[EventType "swiss"]
[EventCountry "UAE"]
[SourceTitle "playchess.com"]
[Source "ChessBase"]
[SourceQuality "1"]

1. Nf3 c5 2. g3 Nc6 3. Bg2 e5 4. O-O d5 5. d3 Be7 6. e4 d4 7. Nbd2 Nf6 8. Nc4 Nd7 9. a4 b6 10. Ne1 Na5 11. Nxa5 bxa5 12. f4 O-O 13. Nf3 exf4 14. gxf4 Bb7 15. Qe2 Rc8 16. b3 Nb8 17. Ne5 Na6 18. Rf3 f6 19. Nc4 f5 20. Rg3 Nb4 21. Bd2 fxe4 22. Qg4 Bf6 23. Bxb4 axb4 24. Re1 Rc7 25. Bxe4 Bxe4 26. Rxe4 Re7 27. Nd2 Qd7 28. Qh5 Rxe4 29. Nxe4 Be7 30. Qg4 Qxg4 31. Rxg4 h5 32. Rg6 Rxf4 33. Ra6 Rg4+ 34. Kf1 Rf4+ 35. Kg2 Rg4+ 36. Kf3 Rg1 37. Rxa7 Bf8 38. a5 Rc1 39. a6 Rxc2 40. Rb7 Rxh2 41. Nf2 c4 42. a7 cxd3 43. a8=Q d2 44. Nd1 1-0

[Event "25th Abu Dhabi Master 2018"]
[Site "Abu Dhabi"]
[Date "2018.08.11"]
[Round "4"]
[White "Firouzja, Alireza"]
[Black "Sadhwani, Raunak"]
[Result "1-0"]
[WhiteElo "2561"]
[BlackElo "2424"]
[Annotator "TA"]
[PlyCount "101"]
[EventDate "2018.08.05"]
[EventType "swiss"]
[EventCountry "UAE"]
[SourceTitle "playchess.com"]
[Source "ChessBase"]
[SourceQuality "1"]

1. e4 c6 2. Nf3 d5 3. Nc3 dxe4 4. Nxe4 Nf6 5. Qe2 Nxe4 6. Qxe4 Qd5 7. Qh4 Qe6+ 8. Be2 Qg4 9. Qg3 g6 10. d4 Bg7 11. Be3 Qxg3 12. hxg3 Nd7 13. g4 Nf6 14. g5 Ng4 15. Bf4 h6 16. gxh6 Nxh6 17. Bc4 f6 18. d5 cxd5 19. Bxd5 e5 20. Bd2 Rb8 21. O-O-O g5 22. Bb4 Bf8 23. Bc3 Bg7 24. Nd2 b5 25. Ba5 Bb7 26. Ne4 Nf7 27. Rxh8+ Bxh8 28. Bxf7+ Kxf7 29. Nd6+ Kg6 30. Bc7 Rg8 31. Nxb7 Rg7 32. Nd6 Rxc7 33. Nxb5 Re7 34. c4 f5 35. c5 e4 36. c6 Be5 37. Rd7 Bf4+ 38. Kb1 Re5 39. Nxa7 Rc5 40. b4 Rc1+ 41. Kb2 Rf1 42. b5 Rxf2+ 43. Kb3 e3 44. c7 Bxc7 45. Rxc7 e2 46. Re7 Rxg2 47. b6 f4 48. Rxe2 f3 49. Re1 Re2 50. Rf1 Re6 51. Nc8 1-0

[Event "25th Abu Dhabi Master 2018"]
[Site "Abu Dhabi"]
[Date "2018.08.11"]
[Round "4"]
[White "Abdusattorov, Nodirbek"]
[Black "Korobov, Anton"]
[Result "0-1"]
[WhiteElo "2539"]
[BlackElo "2664"]
[Annotator "TA"]
[PlyCount "124"]
[EventDate "2018.08.05"]
[EventType "swiss"]
[EventCountry "UAE"]
[SourceTitle "playchess.com"]
[Source "ChessBase"]
[SourceQuality "1"]

1. e4 c5 2. Nf3 d6 3. d4 cxd4 4. Nxd4 Nf6 5. Nc3 a6 6. Be3 e6 7. f3 b5 8. Qd2 Nbd7 9. a3 h5 10. Bd3 Bb7 11. Nde2 Be7 12. Nf4 Rc8 13. O-O Ne5 14. Rad1 Qc7 15. Bf2 g5 16. Nfe2 Rg8 17. Bd4 Nfd7 18. Kh1 Nc5 19. Bxe5 dxe5 20. b4 Nd7 21. Qe3 Qb6 22. Qd2 Nf6 23. Rb1 Bc6 24. Qe1 g4 25. Qg3 gxf3 26. Qxf3 h4 27. Nc1 Bb7 28. N1e2 Rg7 29. a4 Kf8 30. axb5 axb5 31. h3 Bc6 32. Qf2 Qxf2 33. Rxf2 Rb8 34. Ra1 Rg6 35. Rb1 Kg7 36. Rf3 Nh5 37. Rbf1 f6 38. Ra1 Rb7 39. Ra6 Bd7 40. Na2 f5 41. Re3 Rf6 42. Rf3 Kg6 43. Kh2 Kg5 44. Re3 Rc7 45. Ng1 Ng3 46. Rxg3+ hxg3+ 47. Kxg3 Bc6 48. Nc3 Bxb4 49. Nxb5 Be1+ 50. Kh2 Bxb5 51. Bxb5 fxe4 52. Ra4 Rf4 53. Rc4 Rb7 54. Bc6 Rb4 55. Rxb4 Bxb4 56. Ne2 Rf2 57. Ng3 Rxc2 58. Bxe4 Rb2 59. Bf3 Kf4 60. Nh5+ Ke3 61. Nf6 Be7 62. Ng4+ Kd4 0-1

[Event "25th Abu Dhabi Master 2018"]
[Site "Abu Dhabi"]
[Date "2018.08.11"]
[Round "4"]
[White "Kadric, Denis"]
[Black "Akopian, Vladimir"]
[Result "1/2-1/2"]
[WhiteElo "2537"]
[BlackElo "2655"]
[Annotator "TA"]
[PlyCount "45"]
[EventDate "2018.08.05"]
[EventType "swiss"]
[EventCountry "UAE"]
[SourceTitle "playchess.com"]
[Source "ChessBase"]
[SourceQuality "1"]

1. e4 c5 2. Nc3 e6 3. Nf3 a6 4. d4 cxd4 5. Nxd4 Qc7 6. Bd3 Nf6 7. O-O Bc5 8. Nb3 Be7 9. f4 d6 10. e5 dxe5 11. fxe5 Nfd7 12. Qg4 g6 13. Bf4 Nc6 14. Rae1 Ndxe5 15. Qg3 f6 16. Be4 O-O 17. Kh1 Bd7 18. Bxg6 hxg6 19. Rxe5 Nxe5 20. Bxe5 fxe5 21. Qxg6+ Kh8 22. Qh6+ Kg8 23. Qg6+ 1/2-1/2

[Event "25th Abu Dhabi Master 2018"]
[Site "Abu Dhabi"]
[Date "2018.08.11"]
[Round "4"]
[White "Shyam, Sundar M."]
[Black "Salem, A.R. Saleh"]
[Result "0-1"]
[WhiteElo "2527"]
[BlackElo "2636"]
[Annotator "TA"]
[PlyCount "72"]
[EventDate "2018.08.05"]
[EventType "swiss"]
[EventCountry "UAE"]
[SourceTitle "playchess.com"]
[Source "ChessBase"]
[SourceQuality "1"]

1. e4 e5 2. Nf3 Nc6 3. Bc4 Bc5 4. d3 Nf6 5. Nc3 a6 6. Nd5 h6 7. O-O d6 8. Be3 O-O 9. Bxc5 dxc5 10. Ne3 Re8 11. a4 Be6 12. b3 Qd6 13. Nh4 g6 14. g3 Rad8 15. Qf3 Bh3 16. Nd5 Kg7 17. Nxf6 Qxf6 18. Qxf6+ Kxf6 19. f4 Bxf1 20. Rxf1 Kg7 21. f5 Rf8 22. Nf3 gxf5 23. exf5 Rfe8 24. f6+ Kf8 25. Nh4 Nd4 26. a5 Rd6 27. Rf2 e4 28. dxe4 Rxe4 29. Kg2 Nc6 30. Bd3 Re5 31. g4 Nb4 32. Bh7 Nd5 33. Nf3 Re3 34. Nd2 Rxf6 35. Bf5 Re8 36. Kg3 Ne3 0-1

[Event "25th Abu Dhabi Master 2018"]
[Site "Abu Dhabi"]
[Date "2018.08.11"]
[Round "4"]
[White "Puranik, Abhimanyu"]
[Black "Koustav Chatterjee"]
[Result "1-0"]
[WhiteElo "2514"]
[BlackElo "2325"]
[Annotator "RC"]
[PlyCount "64"]
[EventDate "2018.08.05"]
[EventType "swiss"]
[EventCountry "UAE"]
[SourceTitle "playchess.com"]
[Source "ChessBase"]
[SourceQuality "1"]

1. e4 c6 2. Nf3 d5 3. Nc3 Nf6 4. e5 Ne4 5. Ne2 Qb6 6. d4 e6 7. Ng3 c5 8. c3 Nc6 9. Bd3 Nxg3 10. hxg3 h6 11. dxc5 Bxc5 12. Qe2 a5 13. g4 Bd7 14. g5 O-O-O 15. gxh6 gxh6 16. Bf4 d4 17. Be4 a4 18. O-O dxc3 19. bxc3 Qc7 20. Rab1 Na5 21. Nd4 Bxd4 22. cxd4 Bc6 23. Rb4 f5 24. Bxc6 Nxc6 25. Rxa4 Kb8 26. Qd3 Rd5 27. Qa3 Qg7 28. Rc1 Rg8 29. g3 Kc7 30. Rb4 Rb8 31. Qa7 Qd7 32. Rb6 Qe8 1-0

[Event "25th Abu Dhabi Master 2018"]
[Site "Abu Dhabi"]
[Date "2018.08.11"]
[Round "4"]
[White "Kuybokarov, Temur"]
[Black "Lupulescu, Constantin"]
[Result "1/2-1/2"]
[WhiteElo "2499"]
[BlackElo "2619"]
[Annotator "TA"]
[PlyCount "56"]
[EventDate "2018.08.05"]
[EventType "swiss"]
[EventCountry "UAE"]
[SourceTitle "playchess.com"]
[Source "ChessBase"]
[SourceQuality "1"]

1. d4 d5 2. c4 e6 3. Nf3 a6 4. cxd5 exd5 5. Nc3 Nf6 6. Bg5 Be6 7. e3 Nbd7 8. h3 h6 9. Bf4 Bf5 10. Qb3 Nb6 11. Rc1 c6 12. Be2 Be7 13. O-O O-O 14. Ne5 Ra7 15. Bh2 Nbd7 16. Nd3 Ne8 17. f3 Bg5 18. Nd1 Be7 19. N3f2 Qb6 20. Qxb6 Nxb6 21. e4 dxe4 22. fxe4 Be6 23. Nc3 Ra8 24. Nd3 Rd8 25. Nc5 Bc8 26. Nb3 Be6 27. Nc5 Bc8 28. Nb3 Be6 1/2-1/2

[Event "25th Abu Dhabi Master 2018"]
[Site "Abu Dhabi"]
[Date "2018.08.11"]
[Round "4"]
[White "Saduakassova, Dinara"]
[Black "Kathmale, Sameer"]
[Result "1/2-1/2"]
[WhiteElo "2495"]
[BlackElo "2367"]
[Annotator "TA"]
[PlyCount "89"]
[EventDate "2018.08.05"]
[EventType "swiss"]
[EventCountry "UAE"]
[SourceTitle "playchess.com"]
[Source "ChessBase"]
[SourceQuality "1"]

1. d4 d5 2. c4 c6 3. Nf3 Nf6 4. Nbd2 Bf5 5. Nh4 Be4 6. Qb3 Qb6 7. f3 Qxb3 8. Nxb3 Bc2 9. Bd2 e6 10. g4 Be7 11. Ng2 dxc4 12. Na5 b5 13. Rc1 Bg6 14. e4 h5 15. g5 Nxe4 16. fxe4 Bxe4 17. h4 Na6 18. Rh3 Nb4 19. Re3 Nc2+ 20. Rxc2 Bxc2 21. Nxc6 Bd6 22. Be2 a5 23. Bf3 O-O 24. Nxa5 c3 25. Rxc3 Rxa5 26. Rxc2 Rxa2 27. Bxh5 Ba3 28. Bc1 b4 29. Nf4 b3 30. Rf2 g6 31. Bd1 Rc8 32. Nd3 Rxc1 33. Nxc1 Bb4+ 34. Kf1 Ra1 35. Bxb3 Rxc1+ 36. Ke2 Rh1 37. d5 Rh3 38. Ba2 Bc5 39. Rf1 Rh2+ 40. Kd3 Rxb2 41. Bc4 exd5 42. Bxd5 Rf2 43. Rc1 Bf8 44. Rc7 Kg7 45. Ke4 1/2-1/2

[Event "25th Abu Dhabi Master 2018"]
[Site "Abu Dhabi"]
[Date "2018.08.11"]
[Round "4"]
[White "Swapnil, S. Dhopade"]
[Black "Wagh Suyog"]
[Result "1-0"]
[WhiteElo "2487"]
[BlackElo "2356"]
[Annotator "RC"]
[PlyCount "121"]
[EventDate "2018.08.05"]
[EventType "swiss"]
[EventCountry "UAE"]
[SourceTitle "playchess.com"]
[Source "ChessBase"]
[SourceQuality "1"]

1. d4 d5 2. c4 dxc4 3. Nf3 Nf6 4. e3 e6 5. Bxc4 c5 6. O-O Nc6 7. Qe2 cxd4 8. Rd1 Be7 9. Nc3 O-O 10. Nxd4 Nxd4 11. exd4 Nd5 12. Qf3 Nxc3 13. bxc3 Qc7 14. Bd3 Bd6 15. c4 e5 16. c5 Be7 17. Re1 Bf6 18. dxe5 Be7 19. Be3 Be6 20. Be4 Rab8 21. Rec1 Rfd8 22. Qg3 g6 23. h4 Bd5 24. Bxd5 Rxd5 25. Bf4 Qc6 26. e6 Rc8 27. exf7+ Kxf7 28. Be3 Kg7 29. Rab1 Rc7 30. Qg4 h5 31. Qf4 Rcd7 32. g3 g5 33. hxg5 Bxg5 34. Qf3 Bxe3 35. Qxe3 h4 36. gxh4 Kh8 37. Kh2 Rg7 38. Rg1 Qc7+ 39. Rg3 Rxg3 40. fxg3 Rxc5 41. Qe8+ Kg7 42. Re1 Rc2+ 43. Kh3 Qc8+ 44. Qxc8 Rxc8 45. Re7+ Kg6 46. Rxb7 a5 47. Rb6+ Kg7 48. Ra6 Rc5 49. Kg4 Rc4+ 50. Kg5 Rc5+ 51. Kf4 Rc4+ 52. Kf5 Rc5+ 53. Kg4 Rc4+ 54. Kh3 Ra4 55. h5 Rxa2 56. Kh4 a4 57. Kg5 a3 58. Ra7+ Kf8 59. h6 Ra1 60. Ra8+ Kf7 61. h7 1-0

[Event "25th Abu Dhabi Master 2018"]
[Site "Abu Dhabi"]
[Date "2018.08.11"]
[Round "4"]
[White "Iniyan, P."]
[Black "Parligras, Mircea-Emilian"]
[Result "1/2-1/2"]
[WhiteElo "2464"]
[BlackElo "2645"]
[Annotator "TA"]
[PlyCount "111"]
[EventDate "2018.08.05"]
[EventType "swiss"]
[EventCountry "UAE"]
[SourceTitle "playchess.com"]
[Source "ChessBase"]
[SourceQuality "1"]

1. d4 Nf6 2. c4 e6 3. Nc3 Bb4 4. Nf3 b6 5. e3 Ne4 6. Qc2 Bb7 7. Bd3 f5 8. O-O Bxc3 9. bxc3 O-O 10. Nd2 Nxd2 11. Bxd2 Qf6 12. f3 c5 13. dxc5 bxc5 14. Rab1 Bc6 15. e4 d6 16. exf5 exf5 17. g4 Nd7 18. Bxf5 Ne5 19. Be4 Bxe4 20. Qxe4 Nxf3+ 21. Kg2 Qe5 22. Qxe5 Nxe5 23. Rxf8+ Rxf8 24. Rb7 a5 25. Bg5 Rf3 26. Be7 Rd3 27. Rb8+ Kf7 28. Rb7 Ke8 29. Bg5 Rxc3 30. Rxg7 Nxg4 31. Rxh7 Rxc4 32. Re7+ Kf8 33. Ra7 d5 34. Rxa5 d4 35. Kg3 d3 36. Ra8+ Kf7 37. Rd8 Ne5 38. Bf4 Ng6 39. Bd2 Ra4 40. Rxd3 Rxa2 41. Be3 c4 42. Rc3 Ra4 43. Kf3 Ke6 44. Ke4 Ne7 45. Kd4 Nf5+ 46. Kc5 Nd6 47. Bd4 Ra8 48. Re3+ Kd7 49. Kd5 Ra5+ 50. Bc5 Nb7 51. Re7+ Kc8 52. Re8+ Kc7 53. Re7+ Kc8 54. Re8+ Kc7 55. Re7+ Kc8 56. Re8+ 1/2-1/2

[Event "25th Abu Dhabi Master 2018"]
[Site "Abu Dhabi"]
[Date "2018.08.11"]
[Round "4"]
[White "Harsha Bharathakoti"]
[Black "Aronyak Ghosh"]
[Result "1/2-1/2"]
[WhiteElo "2454"]
[BlackElo "2318"]
[Annotator "TA"]
[PlyCount "85"]
[EventDate "2018.08.05"]
[EventType "swiss"]
[EventCountry "UAE"]
[SourceTitle "playchess.com"]
[Source "ChessBase"]
[SourceQuality "1"]

1. c4 c6 2. Nf3 d5 3. e3 Nf6 4. Nc3 g6 5. b3 Bg7 6. Bb2 O-O 7. d4 Bf5 8. Be2 Ne4 9. Nxe4 Bxe4 10. O-O Bf5 11. b4 Nd7 12. a4 a6 13. Qb3 dxc4 14. Qxc4 Nb6 15. Qc5 Nd5 16. Rfc1 a5 17. b5 b6 18. Qa3 cxb5 19. Bxb5 Nb4 20. Qb3 Rc8 21. Rxc8 Qxc8 22. Rc1 Bc2 23. Qa3 Qb7 24. Bc3 Be4 25. Bxb4 axb4 26. Qxb4 Bxf3 27. gxf3 Qxf3 28. Qxe7 Bf6 29. Be2 Qf5 30. Qd6 Bh4 31. Rf1 Re8 32. Qc6 Re6 33. Qf3 Qc2 34. Bd1 Qd2 35. Qg4 Be7 36. Bf3 Rf6 37. Qe4 Bd6 38. h3 Kg7 39. Rb1 Qa2 40. Kg2 Re6 41. Qd3 Rxe3 42. Qxe3 Qxb1 43. Bd5 1/2-1/2

[Event "25th Abu Dhabi Master 2018"]
[Site "Abu Dhabi"]
[Date "2018.08.11"]
[Round "4"]
[White "Nguyen, Anh Khoi"]
[Black "Gupta, Abhijeet"]
[Result "1-0"]
[WhiteElo "2454"]
[BlackElo "2614"]
[Annotator "TA"]
[PlyCount "92"]
[EventDate "2018.08.05"]
[EventType "swiss"]
[EventCountry "UAE"]
[SourceTitle "playchess.com"]
[Source "ChessBase"]
[SourceQuality "1"]

1. d4 Nf6 2. c4 g6 3. Nc3 d5 4. cxd5 Nxd5 5. e4 Nxc3 6. bxc3 Bg7 7. Be3 O-O 8. Nf3 c5 9. Rc1 Bg4 10. Be2 Qa5 11. O-O Qxa2 12. Ra1 Qb2 13. Qd3 Qb6 14. Rfb1 Qc7 15. Qc4 Nd7 16. h3 Bxf3 17. Bxf3 e5 18. dxc5 a6 19. Qd5 Rfb8 20. Rd1 Rd8 21. Rab1 Rab8 22. Qd6 Qxd6 23. Rxd6 Nf8 24. Rxb7 Rxb7 25. Rxd8 Rc7 26. Bg4 Bf6 27. Rc8 Rxc8 28. Bxc8 a5 29. c6 Bd8 30. Bc5 Bc7 31. Kf1 h6 32. Ke2 Nh7 33. Kd3 Nf6 34. Bd7 Kg7 35. f3 Nxd7 36. cxd7 Kf6 37. Bd6 Bd8 38. Kc4 Ke6 39. Kc5 Kxd7 40. Bxe5 h5 41. Kb5 f5 42. exf5 gxf5 43. c4 Ke6 44. Bf4 Kd7 45. c5 Ke6 46. c6 Kd5 1-0

[Event "25th Abu Dhabi Master 2018"]
[Site "Abu Dhabi"]
[Date "2018.08.11"]
[Round "4"]
[White "Laxman, R.R."]
[Black "Sharma, Dinesh K."]
[Result "1/2-1/2"]
[WhiteElo "2449"]
[BlackElo "2275"]
[Annotator "TA"]
[PlyCount "36"]
[EventDate "2018.08.05"]
[EventType "swiss"]
[EventCountry "UAE"]
[SourceTitle "playchess.com"]
[Source "ChessBase"]
[SourceQuality "1"]

1. e4 c5 2. Nf3 d6 3. d4 cxd4 4. Nxd4 Nf6 5. Nc3 a6 6. Be2 e5 7. Nf3 Be7 8. O-O O-O 9. a4 Qc7 10. Be3 b6 11. Qd3 Bb7 12. Nd2 Nbd7 13. Bf3 Rac8 14. Rfd1 Rfd8 15. Bg5 Nc5 16. Qe2 Ne6 17. Bxf6 Bxf6 18. Nf1 Nd4 1/2-1/2